000 00834nam a2200205 i 4500
001 186918
003 ES-MaACL
005 20250808022555.0
008 170301s1935 sp |||| | spa d
100 1 _aAzcona y Díaz de Rada, José María.
_924273
245 1 0 _aClara-Rosa, masón y vizcaino /
_cpor José María Azcona y Díaz de Rada.
260 _aMadrid :
_bEspasa-Calpe,
_c1935.
300 _a256 p.,[2] h. de lám. :
_bil. ;
_c18 cm.
490 1 _aVidas Españolas e Hispano-Americanas del siglo XIX ;
_v49
600 1 4 _aClararrosa, José Joaquín de (
_d1763-1822)
_939002
830 0 0 _aVidas españolas e hispanoamericanas del siglo XIX
_v49
_9192640
852 _aES-MaACL
_jC-23255
852 _aES-MaACL
_jL-32182
_z.- Donat. herederos de la bibl. de Mª del Pilar Costa Palacín
999 _c186918
_d186918